Europäische Geschichte nach Buchstaben - S - Statistiken

Allgemein
  • Dieses Quiz wurde 58 mal gespielt
  • Das Durchschnittsergebnis liegt bei 12 aus 20
Antwortstatistiken
Hinweis Antwort % Korrekt
Diktator dieses Staates im Zweiten Weltkrieg, bekannt durch seine Terrorherrschaft Josef Stalin
100%
1922 durch Lenin gegründeter Staat, der 1991 aufgelöst wurde Sowjetunion
100%
Bezeichnung für die Geheimpolizei der DDR, die durch Bespitzelung und Repression berüchtigt war Stasi
98%
Hauptstadt Russlands von 1712 bis 1918, bei dessen Belagerung im Zweiten Weltkrieg etwa eine Millionen Menschen starben Sankt Petersburg
96%
Staat der durch die Union von Kastilien und Aragon entstand und im 16. Jahrhundert weite Teile Amerikas kolonisierte Spanien
96%
Dieses kleine Land wurde in den 50er-Jahren nach einem Volksentscheid an Deutschland angeschlossen Saarland
94%
Paramilitärische Organisation des Nationalsozialismus unter Leitung Himmlers, die die Konzentrations- und Vernichtungslager betrieb Schutzstaffel
88%
Im 17. Jahrhundert unter König Gustav II Adolph wurde dieser Staat vorübergehend zu einer europäischen Großmacht Schweden
80%
Andalusische Stadt, die im 16. Jahrhundert wichtigster Hafen für den Handel mit Amerika war Sevilla
74%
Germanenstamm, der in der Völkerwanderung teilweise nach England migrierte und teilweise in Norddeutschland lebte, wo er von Karl dem Großen unterworfen wurde Sachsen
70%
Dieser Staat fiel nach der Schlacht auf dem Amselfeld unter osmanische Herrschaft und wurde im 19. Jahrhundert Unabhängig Serbien
62%
Mittelalterliches Kaisergeschlecht, denen die Kaiser Friedrich Barbarossa und Friedrich II angehörten Staufer
52%
Auch global stattfindender Krieg zwischen Preußen und Großbritannien auf der einen und Österreich, Frankreich und Russland auf der anderen Seite Siebenjähriger Krieg
40%
Stoischer Philosoph und Erzieher des römischen Kaisers Nero Seneca
34%
Die aus diesem Land stammenden Reisläufer waren begehrte Söldner des 15. und 16. Jahrhunderts Schweiz
30%
Ungarischer König von 1000 bis 1038, der zum Christentum übertrat und als Heiliger verehrt wird Stephan I.
30%
Prächtiger osmanischer Sultan, der Ungarn, Transsylvanien und Rhodos eroberte und eine große nach ihm benannte Moschee in Istanbul erbauen ließ Süleyman der Prächtige
24%
Bedeutende Philosophierichtung des Mittelalters, welche die Lehren Aristoteles mit dem Christentum zu vereinigen versuchte Scholastik
14%
Isländisch-Norwegischer Verfasser der Edda, welche altnordische Sagas und Mythen beinhaltete Snorri Sturluson
8%
Polnisches Parlament, welches in der frühen Neuzeit große Kompetenzen wie die Wahl des Königs von Polen besaß Sejm
6%
Keine übereinstimmenden Quizze gefunden
Verteilung der Resultate
Anzahl Personen mit jedem Resultat
Perzentil nach korrekt beantworteten Fragen
Ihre Resultats-Entwicklung
Sie haben dieses Quiz noch nicht gespielt